00518nam a2200145 4500245006400000710002100064260004800085300002100133020001500154082001300169650004400182650002800226952010100254999001700355 aCambridge companion to Aristotlecedited by Jonathan Barnes aBarnes, Jonathan aCambridgebCambridge University Pressc1995 axxv,404p.; 22cm. a0521422949 a185bCAM aAristotle--Contribotions in philosophy  aAristotelian philosophy 001040708ENGaNEHUbNEHUd2011-11-25l0o185 CAMp213998r2011-11-25 00:00:00w2011-11-25yBK c77639d77639